Možnosti využitia expertných systémov

Podrobná bibliografia
Hlavný autor: Dráb, Ladislav (Autor)
Médium: Článok
Jazyk:slovenčina
Fyzický popis:Res. slov., angl., rus.
Predmet:

MARC

LEADER 00000nab a2200000 a 4500
001 vtls000419585
003 SK-MaSNL
005 20260303204559.0
008 120925c1989 xo 0 slo
015 |a SNBRA19rr/mm-uuuuu 
035 |a CL0419713 
040 |a SNKBUCL  |b slo  |c SNKBUCL  |e AACR2 
041 0 |a slo 
044 |a xo  |c SK 
080 |a 681.518:658.52.011.56.012.43:519.876.2:677:687  |2 1981 
080 |a 658.52.011.56.012.43  |2 1981 
080 |a 519.876.2  |2 1981 
080 |a 677  |2 1981 
080 |a 687  |2 1981 
100 1 |a Dráb, Ladislav  |4 aut  |9 572657 
245 1 0 |a Možnosti využitia expertných systémov  |c Ladislav Dráb 
300 |b Res. slov., angl., rus. 
650 0 7 |a textilný priemysel  |2 snkbucl  |9 51332 
650 0 7 |a odevný priemysel  |2 snkbucl  |9 71274 
650 0 7 |a riadenie  |2 snkbucl  |9 924 
650 0 7 |a expertné systémy  |2 snkbucl  |9 1831 
655 7 |a články zo zborníkov  |2 snkbucl  |9 166140 
773 0 |t Akytex 89. Aplikovaná kybernetika v textilnom a odevnom priemysle a v textilnom strojárstve  |d Žilina : Dom techniky ČSVTS, 1989  |g S. 189-205 
850 |a Slovenská národná knižnica v Martine  |a MTA001 
852 |a SNK  |b KIS3GCP 
958 |a RK 
992 |a RZB 
999 |c 2190678  |d 2192608